LIBRARY & INFORMATION CENTRE, KCAET, TAVANUR

ONLINE PUBLIC ACCESS CATALOGUE (OPAC)

Guide for agricultural competitive examinations (As Per Latest Pattern of Exam) (Record no. 15390)

MARC details
000 -LEADER
fixed length control field 00457nam a22001697a 4500
020 ## - INTERNATIONAL STANDARD BOOK NUMBER
ISBN 978-93-5124-820-0
082 ## - DEWEY DECIMAL CLASSIFICATION NUMBER
Classification number 630.1
Item number SHA/GU
100 ## - MAIN ENTRY--AUTHOR NAME
Personal name Sharma, R. K
245 ## - TITLE STATEMENT
Title Guide for agricultural competitive examinations (As Per Latest Pattern of Exam)
250 ## - EDITION STATEMENT
Edition statement 3
260 ## - PUBLICATION, DISTRIBUTION, ETC. (IMPRINT)
Place of publication Delhi
Name of publisher Daya Publishing House
Year of publication 2017
300 ## - PHYSICAL DESCRIPTION
Number of Pages 412
700 ## - ADDED ENTRY--PERSONAL NAME
Personal name Pandey,N
700 ## - ADDED ENTRY--PERSONAL NAME
Personal name Singh, A.P
700 ## - ADDED ENTRY--PERSONAL NAME
Personal name Maitry, R.S
942 ## - ADDED ENTRY ELEMENTS (KOHA)
Koha item type Book Bank scheme for SC students
Holdings
Withdrawn status Lost status Damaged status Home library Current library Shelving location Date acquired Cost, normal purchase price Full call number Accession Number Koha item type Source of acquisition
      KAUAET KAUAET Scheme 31/03/2018 345.00 630.1 SHA/GU BB 469 Book Bank scheme for SC students  
      KAUAET KAUAET Scheme 31/03/2018 345.00 630.1 SHA/GU BB 470 Book Bank scheme for SC students  
      KAUAET KAUAET   18/03/2018 345.00 630.1 SHA/GU 25566 Books Neoti book agency
      KAUAET KAUAET   18/03/2018 345.00 630.1 SHA/GU 25567 Books Neoti book agency
      KAUAET KAUAET General Stacks 18/03/2018 345.00 630.1 SHA/GU 25565 Books Neoti book agency
free website counter